[Event "CRO-chT2 East"]
[Site "Osijek"]
[Date "2010.04.24"]
[Round "4.15"]
[White "Vernacki, Dusko"]
[Black "Cabrajac, Zdravko"]
[Result "1-0"]
[WhiteElo "2145"]
[BlackElo "2100"]
[PlyCount "195"]
[EventDate "2010.04.17"]
[EventType "team-tourn"]
[EventRounds "11"]
[EventCountry "CRO"]
[SourceTitle "EXT 2012"]
[Source "ChessBase"]
[SourceDate "2011.11.24"]
[SourceVersion "1"]
[SourceVersionDate "2011.11.24"]
[SourceQuality "1"]

1. g3 Nf6 2. c3 d5 3. d4 g6 4. Bg2 Bg7 5. Nh3 0-0 6. 0-0 Nc6 7. Bg5 Ne4 8. Bf4 e5 9. Be3 h6 10. f3 Nd6 11. dxe5 Nxe5 12. Qxd5 Ndc4 13. Qxd8 Rxd8 14. Bc1 a5 15. a4 Ra6 16. b3 Nd6 17. Na3 Rb6 18. Rb1 Be6 19. c4 Nf5 20. Nf4 Nd4 21. Nb5 Nxb5 22. axb5 Rbd6 23. Nxe6 fxe6 24. Be3 b6 25. Bh3 Kf7 26. f4 Nd7 27. Rfd1 Nf6 28. Rxd6 Rxd6 29. Bg2 Ng4 30. c5 bxc5 31. Bxc5 Rd2 32. Bf3 Rc2 33. Ba7 Nf6 34. b6 cxb6 35. Bxb6 Ra2 36. Bd4 Bf8 37. Ra1 Rxa1+ 38. Bxa1 Nd7 39. Be4 Nc5 40. Bc2 Na6 41. Bc3 Nb4 42. Bd3 Bc5+ 43. Kg2 Bb6 44. Kf3 Nd5 45. Bd2 h5 46. h3 Ne7 47. Be4 Nc8 48. Bc3 Nd6 49. Be5 Nb5 50. e3 Bc5 51. Bd3 Na7 52. Bc4 Nc6 53. Bb2 Ke7 54. g4 hxg4+ 55. hxg4 Nb4 56. Bc3 Bb6 57. Ke4 Nc2 58. Bd2 Nb4 59. Bc1 Bc5 60. Kf3 Nc2 61. g5 Bb6 62. Bd3 Na1 63. Bc4 Nc2 64. Bd2 Nb4 65. Ke4 Bc5 66. Bc1 Nc6 67. Bb2 Nb4 68. Bc3 Bb6 69. Bd3 Nd5 70. Bd2 Kd6 71. Kf3 Ne7 72. Bc3 Nf5 73. Bxf5 exf5 74. e4 fxe4+ 75. Kxe4 Ke6 76. Be5 Bd8 77. Bd4 Be7 78. Bc3 Bd8 79. Be1 Bb6 80. Bd2 Bc7 81. Bc3 Bd8 82. Be5 Be7 83. Bc7 Bb4 84. Kd3 Kd5 85. Be5 Be7 86. Bc3 Bd8 87. f5 gxf5 88. g6 Ke6 89. Ke3 Bc7 90. Kf3 Bd6 91. Kg2 Bb4 92. Bd4 Be7 93. Kg3 Bg5 94. Be5 Be7 95. g7 Kf7 96. Kf4 Bb4 97. Kxf5 Bd2 98. Ke4 1-0

[Event "CRO-chT2 East"]
[Site "Osijek"]
[Date "2010.04.17"]
[Round "1.55"]
[White "Caric, Mato"]
[Black "Cabrajac, Zdravko"]
[Result "1/2-1/2"]
[WhiteElo "1993"]
[BlackElo "2100"]
[PlyCount "54"]
[EventDate "2010.04.17"]
[EventType "team-tourn"]
[EventRounds "11"]
[EventCountry "CRO"]
[SourceTitle "EXT 2012"]
[Source "ChessBase"]
[SourceDate "2011.11.24"]
[SourceVersion "1"]
[SourceVersionDate "2011.11.24"]
[SourceQuality "1"]

1. e4 c5 2. Nf3 d6 3. d4 cxd4 4. Nxd4 Nf6 5. Nc3 a6 6. f3 e5 7. Nb3 Be6 8. Be3 Nbd7 9. Qd2 b5 10. g4 Nb6 11. 0-0-0 Qc7 12. g5 Nfd7 13. f4 Rb8 14. Nd5 Bxd5 15. exd5 Nc4 16. Bxc4 bxc4 17. Na5 Rb5 18. Nc6 Nb8 19. fxe5 dxe5 20. Nxb8 Ba3 21. Bd4 Rxb2 22. Bxb2 c3 23. Bxa3 cxd2+ 24. Rxd2 Qxb8 25. Re1 f6 26. c4 Qc7 27. d6 Qa5 1/2-1/2

[Event "CRO-chT2c"]
[Site "Croatia"]
[Date "2009.10.17"]
[Round "8"]
[White "Licina, Zoran"]
[Black "Cabrajac, Zdravko"]
[Result "1-0"]
[WhiteElo "2219"]
[BlackElo "2099"]
[PlyCount "81"]
[EventDate "2009.04.04"]
[EventType "team-tourn"]
[EventRounds "11"]
[EventCountry "CRO"]
[SourceTitle "EXT 2011"]
[Source "ChessBase"]
[SourceDate "2010.11.26"]
[SourceVersion "1"]
[SourceVersionDate "2010.11.26"]
[SourceQuality "1"]

1. e4 c5 2. Nf3 d6 3. d4 cxd4 4. Nxd4 Nf6 5. Nc3 a6 6. f4 e5 7. Nf3 Nc6 8. fxe5 Nxe5 9. Nxe5 dxe5 10. Qxd8+ Kxd8 11. Bg5 Be6 12. Nd5 Bxd5 13. exd5 Be7 14. Be3 Kc7 15. c4 Ng4 16. Bd2 Bc5 17. Bc3 Rhe8 18. b4 Bd4 19. Rc1 a5 20. bxa5 Bxc3+ 21. Rxc3 Rxa5 22. Rg3 f5 23. h3 Nf6 24. Rxg7+ Kd6 25. Rxb7 Ne4 26. g4 Rxa2 27. Bd3 Ng3 28. Bb1 Re2+ 29. Kd1 Rg2 30. Re1 f4 31. Rf7 Rb8 32. Bxh7 Rbb2 33. Kc1 Rbe2 34. Rxe2 Rxe2 35. g5 Kc5 36. g6 Kd4 37. g7 Kc3 38. Kb1 Re1+ 39. Ka2 Ne2 40. Ra7 Nd4 41. Ra3+ 1-0

[Event "Bizovac Metalis op 16th"]
[Site "Bizovac"]
[Date "2009.02.20"]
[Round "4"]
[White "Havas, Ladislav"]
[Black "Cabrajac, Zdravko"]
[Result "1/2-1/2"]
[WhiteElo "2292"]
[BlackElo "2089"]
[PlyCount "51"]
[EventDate "2009.02.19"]
[EventType "swiss"]
[EventRounds "7"]
[EventCountry "CRO"]
[SourceTitle "CBM 128 Extra"]
[Source "ChessBase"]
[SourceDate "2009.03.05"]
[SourceVersion "2"]
[SourceVersionDate "2009.03.25"]
[SourceQuality "1"]

1. d4 Nf6 2. c4 g6 3. Nc3 Bg7 4. e4 d6 5. f3 0-0 6. Bg5 Nbd7 7. Qd2 c5 8. d5 a6 9. Nh3 Qa5 10. Nf2 Re8 11. Be2 Ne5 12. Nb1 Qxd2+ 13. Nxd2 h6 14. Be3 Bd7 15. 0-0 b5 16. b3 Reb8 17. Rab1 b4 18. h3 g5 19. g3 Ng6 20. Kh2 a5 21. f4 gxf4 22. gxf4 a4 23. Rg1 Kh8 24. Rg3 axb3 25. axb3 Rg8 26. Rbg1 1/2-1/2